| 000 | 00000nam##2200000za#4500 |
| 001 | 9.581197 |
| 003 | CaOODSP |
| 005 | 20210624191414 |
| 007 | cr ||||||||||| |
| 008 | 150406|2006||||xxc|||||o f|0| 0 eng|d |
| 040 | |aCaOODSP|beng |
| 043 | |an-cn--- |
| 086 | 1 |aNH18-22/106-112E-PDF |
| 110 | 2 |aCanada Mortgage and Housing Corporation. |
| 245 | 10|aArviat community and housing design charrette |h[electronic resource] |
| 260 | |aOttawa - Ontario : |bCanada Mortgage and Housing Corporation |cc2006. |
| 300 | |a10p.|bcoloured illus., figs. |
| 490 | 1 |aResearch highlight. Technical series |v06-112 |
| 500 | |aFile reproduced from original print. |
| 590 | |a14-20-Supp|b2014-11-25 |
| 775 | 08|tCharrette sur la conception de logements pour la collectivité d'Arviat |w(CaOODSP)9.608043 |
| 776 | 0#|tArviat Community and Housing Design Charrette |w(CaOODSP)9.618052 |
| 830 | #0|aResearch highlight. Technical series ;|v06-112|w(CaOODSP)9.504482 |
| 856 | 40|ahttp://publications.gc.ca|qPDF|s508 KB|uhttps://publications.gc.ca/collections/collection_2014/schl-cmhc/NH18-22-106-112-eng.pdf|y06-112 |